Statistics for Five Most Expensive Cities by Continent

Click here to take the quiz!

General Stats

  • This quiz has been taken 77 times
  • The average score is 17 of 30

Answer Stats

ContinentCity% Correct
North AmericaNew York City
95%
North AmericaLos Angeles
92%
OceaniaSydney
91%
OceaniaMelbourne
88%
North AmericaSan Francisco
83%
South AmericaBuenos Aires
80%
South AmericaSao Paulo
77%
EuropeBern
75%
AsiaSingapore
75%
EuropeZurich
75%
OceaniaBrisbane
73%
AsiaHong Kong
72%
South AmericaSantiago
72%
OceaniaAdelaide
64%
OceaniaCanberra
64%
EuropeGeneva
63%
AsiaBeijing
55%
South AmericaMontevideo
53%
AsiaShanghai
53%
EuropeCopenhagen
52%
AfricaLuanda
48%
AsiaTel Aviv
41%
South AmericaQuito
33%
EuropeBasel
31%
AfricaKinshasa
22%
North AmericaHonolulu
19%
North AmericaNassau
17%
AfricaBangui
3%
AfricaDjibouti
3%
AfricaConakry
2%

Score Distribution

Percentile by Number Answered

Percent of People with Each Score

Your Score History

You have not taken this quiz